00451nam a2200193Ia 4500003000900000008004100009040001300050040001300063041000800076100002200084245006500106250001200171260000800183260000900191300001100200300001000211490003000221490000600251IT-RoPAU120407s9999 xx 000 0 und d aIT-RoPAU cIT-RoPAU aita aGiovanni Cappelli aAutoerotismo. Un problema morale nei primi secoli cristiani? aBologna aEDB c1986 a272 p. c22 cm aNuovi Saggi Teologici, 23 v1